La chute de la monarchie (Record no. 177786)

MARC details
000 -LEADER
campo de control de longitud fija 00832nam a22002415i 4500
001 - NÚMERO DE CONTROL
campo de control 177786
003 - IDENTIFICADOR DE NÚMERO DE CONTROL
campo de control ES-MaACL
005 - FECHA Y HORA DE LA ÚLTIMA TRANSACCIÓN
campo de control 20250808062126.0
008 - DATOS DE LONGITUD FIJA--INFORMACIÓN GENERAL
campo de control de longitud fija 110426s1972 fr ab |||| | fre d
080 ## - NÚMERO DE LA CLASIFICACIÓN DECIMAL UNIVERSAL
Número de la Clasificación Decimal Universal 94(44)"1789/1799"
100 1# - ENTRADA PRINCIPAL--NOMBRE DE PERSONA
Nombre de persona Vovelle, Michel.
9 (RLIN) 115754
245 13 - MENCIÓN DEL TÍTULO
Título La chute de la monarchie
Resto del título : 1787-1792 /
Mención de responsabilidad, etc. Michel Vovelle.
260 ## - PUBLICACIÓN, DISTRIBUCIÓN, ETC.
Lugar de publicación, distribución, etc. [París] :
Nombre del editor, distribuidor, etc. Éditions du Seuil,
Fecha de publicación, distribución, etc. imp. 1972.
300 ## - DESCRIPCIÓN FÍSICA
Extensión 287 p. :
Otras características físicas il. bl. y n. ;
Dimensiones 18 cm.
490 1# - MENCIÓN DE SERIE
Mención de serie Nouvelle histoire de la France contemporaine ;
Designación de volumen o secuencia 1
500 ## - NOTA GENERAL
Nota general Índices.
504 ## - NOTA DE BIBLIOGRAFÍA, ETC.
Nota de bibliografía, etc. Bibliografía: p. 269-275.
546 ## - NOTA DE IDIOMA
Nota de lengua/lenguaje Texto en francés.
651 #4 - PUNTO DE ACCESO ADICIONAL DE MATERIA--NOMBRE GEOGRÁFICO
Nombre geográfico Francia-
Subdivisión general Historia-
Subdivisión cronológica 1789-1799, Revolución
9 (RLIN) 241176
830 00 - PUNTO DE ACCESO ADICIONAL DE SERIE-TÍTULO UNIFORME
Título uniforme Nouvelle histoire de la France contemporaine
Designación de volumen o secuencia 1
9 (RLIN) 190594
852 ## - LOCALIZACIÓN
Ubicación ES-MaACL
Número de control de estantería E-14992
Encuadernación Olim P-123
Holdings
Estatus retirado Estado de pérdida Estado de daño No para préstamo Biblioteca de origen Biblioteca actual Ubicación en estantería Fecha de adquisición Fuente de adquisición Total de préstamos Signatura topográfica completa Código de barras Visto por última vez Precio de reemplazo Tipo de ítem Koha
        Biblioteca del Ateneo de Madrid Biblioteca del Ateneo de Madrid Depósito 2 26/04/2011     E-14992 1186770 23/02/2023 23/02/2023 Libro impreso